A Solas REMIX - Lunay, Lyanno, Anuel AA, Brytiago, Alex Rose - Estadísticas

Estadísticas generales
  • Esta prueba ha sido intentada 34 veces
  • La puntuación promedio es 395 de 645
Estadísticas de respuestas
Letra % Correcto
a
100%
A
100%
al
86%
como
86%
cómo
86%
de
86%
des
86%
desapareció
86%
e
86%
el
86%
en
86%
En
86%
Entre
86%
Eres
86%
fantasma
86%
favor
86%
humo
86%
que
86%
Qué
86%
qué
86%
Que
86%
sa
86%
sabe
86%
Sabes
86%
tu
86%
86%
86%
un
86%
Un
86%
una
86%
y
86%
Y
86%
Ah
71%
ah
71%
ahora
71%
comerte
71%
con
71%
cuerpo
71%
desvestirte
71%
difícil
71%
Dime
71%
dime
71%
ganas
71%
ha
71%
haciendo
71%
haciéndote
71%
hago
71%
irte
71%
la
71%
le
71%
lo
71%
Me
71%
me
71%
no
71%
No
71%
nuevo
71%
o
71%
O
71%
ó
71%
Ó
71%
Pa
71%
pa
71%
pin
71%
poder
71%
queriendo
71%
si
71%
Si
71%
siempre
71%
Siempre
71%
solas
71%
Solas
71%
te
71%
Te
71%
tenerte
71%
ti
71%
toda
71%
Toda
71%
trata
71%
vas
71%
ver
71%
yo
71%
Yo
71%
amo
57%
así
57%
Baby
57%
baby
57%
Bebé
57%
break
57%
buscándote
57%
calentó
57%
cojo
57%
deja
57%
desde
57%
desnuda
57%
encima
57%
envuelto
57%
es
57%
Es
57%
estrés
57%
extraño
57%
fuiste
57%
fuma
57%
guaya
57%
hace
57%
haces
57%
hiciste
57%
interio
57%
Juré
57%
llamar
57%
loco
57%
Lu
57%
luna
57%
Lunay
57%
más
57%
57%
mi
57%
ni
57%
ninguna
57%
oscuro
57%
pasto
57%
Pendiente
57%
picheés
57%
pienso
57%
Por
57%
por
57%
recuerdo
57%
rico
57%
rogar
57%
ropa
57%
screen
57%
se
57%
57%
secreto
57%
Tan
57%
tan
57%
tarde
57%
temprano
57%
tiene
57%
tienes
57%
usar
57%
vapor
57%
vez
57%
Victoria
57%
vuelvo
57%
WhatsApp
57%
adentro
43%
bajar
43%
buena
43%
cama
43%
celular
43%
condones
43%
conozco
43%
cuando
43%
Cuando
43%
da
43%
dame
43%
dejaste
43%
Eh
43%
eh
43%
envidio
43%
eso
43%
Eso
43%
Estrujándote
43%
fue
43%
grita
43%
iba
43%
laguna
43%
lambiéndote
43%
las
43%
leíste
43%
los
43%
mata
43%
mil
43%
Móntate
43%
mordiéndote
43%
Ñejo
43%
nervio
43%
Oh
43%
oh
43%
olvido
43%
oxycodone
43%
pero
43%
Pero
43%
prendo
43%
provoco
43%
puñeta
43%
quiere
43%
soy
43%
supuesto
43%
toa
43%
Toa
43%
tratas
43%
Uah
43%
uah
43%
Vamo
43%
Yeah
43%
yeh
43%
algo
29%
aquí
29%
busco
29%
caigo
29%
call
29%
conecto
29%
diez
29%
DM
29%
enterita
29%
entonces
29%
esclavo
29%
Esperando
29%
espinas
29%
estés
29%
fíci
29%
forzar
29%
juego
29%
Llega
29%
llevamo
29%
localizarte
29%
Ly
29%
nos
29%
oír
29%
or
29%
otra
29%
poco
29%
ponchar
29%
pone
29%
ponga
29%
primera
29%
pues
29%
quieres
29%
quiero
29%
repita
29%
rosa
29%
sácame
29%
serio
29%
subes
29%
sus
29%
tengo
29%
tiro
29%
Tratando
29%
última
29%
veinte
29%
verifico
29%
vo
29%
voy
29%
ar
14%
cementerio
14%
challenge
14%
cogió
14%
completo
14%
confundas
14%
del
14%
Ella
14%
ella
14%
encontramos
14%
era
14%
ese
14%
fotos
14%
friendzone
14%
hermosa
14%
jevo
14%
link
14%
matamos
14%
misterio
14%
musarte
14%
necesita
14%
nunca
14%
olvides
14%
ón
14%
parece
14%
peligrosa
14%
pleno
14%
privado
14%
revés
14%
seen
14%
sigo
14%
tal
14%
tenemos
14%
tus
14%
vida
14%
visita
14%
vive
14%
vivo
14%
volvió
14%
vuelve
14%
afloja
0%
esbaratar
0%
Google
0%
il
0%
Kress
0%
Lassie
0%
tiré
0%
No se encontraron pruebas coincidentes
Distribución de puntuación
Porcentaje de gente con cada puntuación
Porcentaje por número respondido
Historial de tus puntuaciones
No has intentado esta prueba.